Statistics for NBA awards since 1953

Click here to take the quiz!

General Stats

  • This quiz has been taken 1,127 times
  • The average score is 79 of 225

Answer Stats

Answers% Correct
LeBron James
98%
Dell Curry
96%
Stephen Curry
96%
Michael Jordan
95%
Kobe Bryant
94%
James Harden
93%
Jerry West
93%
Giannis Antetokounmpo
92%
Kevin Durant
92%
Shaquille O'Neal
92%
Russell Westbrook
91%
Magic Johnson
89%
Larry Bird
88%
Tim Duncan
87%
Dirk Nowitzki
85%
Hakeem Olajuwon
84%
Kareem Abdul-Jabbar
84%
Wilt Chamberlain
84%
Steve Nash
83%
Karl Malone
82%
Moses Malone
82%
Allen Iverson
81%
Bill Russell
81%
Derrick Rose
81%
Jalen Rose
81%
Kevin Garnett
79%
David Robinson
78%
Julius Erving
78%
Kyrie Irving
78%
Avery Johnson
77%
Charles Barkley
77%
Clifford Robinson
77%
Eddie Johnson
77%
Kevin Johnson
77%
Larry Johnson
77%
Phil Johnson
77%
Lou Williams
69%
Michael Carter-Williams
69%
Buck Williams
68%
Kawhi Leonard
66%
Rudy Gobert
66%
Jermaine O'Neal
65%
Alvin Robertson
64%
Bob Cousy
64%
Draymond Green
64%
Oscar Robertson
64%
Bobby Jackson
63%
Luka Doncic
63%
Mark Jackson
63%
Phil Jackson
63%
Dwight Howard
62%
Bob Pettit
61%
Dwyane Wade
61%
Anthony Davis
60%
Scottie Pippen
60%
Walter Davis
59%
Ben Wallace
57%
Dennis Rodman
57%
Marc Gasol
56%
Pau Gasol
56%
Ben Simmons
53%
Chris Paul
53%
Isiah Thomas
53%
Bill Walton
52%
Bobby Simmons
52%
Jason Kidd
52%
John Stockton
51%
Patrick Ewing
51%
Red Kerr
51%
Steve Kerr
51%
Wes Unseld
50%
Dikembe Mutombo
49%
David Thompson
48%
George Mikan
48%
Vince Carter
48%
Adrian Smith
47%
Damian Lillard
47%
J.R. Smith
47%
Karl-Anthony Towns
47%
Randy Smith
47%
Gary Payton
46%
Gregg Popovich
46%
Willis Reed
45%
Blake Griffin
44%
Bob McAdoo
44%
Ricky Pierce
44%
Elgin Baylor
43%
Kevin McHale
43%
Bobby Jones
42%
Joakim Noah
42%
Manu Ginobili
42%
Mike Miller
42%
Dave Cowens
41%
Tracy McGrady
41%
Hubie Brown
40%
Larry Brown
40%
Mike Brown
40%
Jamal Crawford
39%
Paul George
38%
Andrew Wiggins
37%
Lenny Wilkens
36%
Alonzo Mourning
35%
Kevin Love
32%
Malcolm Brogdon
32%
Rick Barry
32%
Amar'e Stoudemire
31%
Damon Stoudamire
31%
Doc Rivers
31%
Jimmy Butler
31%
Chris Webber
30%
Walt Frazier
30%
George Gervin
29%
Grant Hill
29%
Tyson Chandler
29%
Metta World Peace
27%
Pat Riley
27%
Dolph Schayes
25%
Pascal Siakam
25%
Mark Eaton
24%
Paul Arizin
22%
Corliss Williamson
21%
Sidney Moncrief
21%
Tyreke Evans
21%
Ben Gordon
20%
Eric Gordon
20%
Marcus Camby
20%
Sam Mitchell
20%
Mike Budenholzer
19%
Red Auerbach
19%
George Karl
18%
Tiny Archibald
18%
Victor Oladipo
17%
Adrian Dantley
16%
Earl Monroe
16%
Glen Rice
16%
Lamar Odom
16%
Michael Cooper
16%
Brandon Roy
15%
CJ McCollum
15%
Elton Brand
15%
Jason Terry
15%
Mike D'Antoni
15%
Ryan Anderson
15%
Toni Kukoc
15%
Ralph Sampson
14%
Steve Francis
14%
Tom Thibodeau
14%
Dale Ellis
13%
Del Harris
13%
Gilbert Arenas
13%
Hal Greer
13%
Monta Ellis
13%
Alvan Adams
12%
Don Nelson
12%
Dwane Casey
12%
Mitch Richmond
12%
Bob Lanier
11%
Byron Scott
11%
Detlef Schrempf
11%
Jerry Lucas
11%
Ray Scott
11%
Rick Carlisle
11%
Tom Heinsohn
11%
Zach Randolph
11%
Aaron Brooks
10%
Bill Sharman
10%
Danny Granger
10%
Dave Bing
10%
Emeka Okafor
10%
John Starks
10%
Scott Brooks
10%
Tom Chambers
10%
Derrick Coleman
9%
Antawn Jamison
8%
Walt Bellamy
8%
Darrell Armstrong
7%
Hedo Turkoglu
7%
Anthony Mason
6%
Danny Manning
6%
Goran Dragic
6%
Boris Diaw
5%
Ed Macauley
5%
Jamaal Wilkes
5%
Phil Ford
5%
Aaron McKie
4%
Chuck Person
4%
Leandro Barbosa
4%
Scott Skiles
4%
Terry Cummings
4%
Alan Henderson
3%
Bill Fitch
3%
Darrell Griffith
3%
Gheorghe Muresan
3%
Maurice Stokes
3%
Red Holzman
3%
Richie Guerin
3%
Rodney Rogers
3%
Rony Seikaly
3%
Cotton Fitzsimmons
2%
Dana Barros
2%
Dick Motta
2%
Doug Moe
2%
Ernie DiGregorio
2%
Gene Shue
2%
Jack McKinney
2%
Kevin Duckworth
2%
Mike Dunleavy
2%
Mike Fratello
2%
Pervis Ellison
2%
Roy Tarpley
2%
Sidney Wicks
2%
Alex Hannum
1%
Don Chaney
1%
Don MacLean
1%
Frank Layden
1%
Geoff Petrie
1%
Harry Gallatin
1%
Isaac Austin
1%
Mahmoud Abdul-Rauf
1%
Mike Schuler
1%
Monk Meineke
1%
Ray Felix
1%
Terry Dischinger
1%
Tom Nissalke
1%
Woody Sauldsberry
1%

Score Distribution

Percentile by Number Answered

Percent of People with Each Score

Your Score History

You have not taken this quiz